| 000 | 00484nam a2200169 i 4500 | ||
|---|---|---|---|
| 001 | 145903 | ||
| 003 | ES-MaACL | ||
| 005 | 20250930063125.0 | ||
| 007 | t| | ||
| 008 | 071017s1916 sp ||||1| spa d | ||
| 100 | 0 |
_aVega, José de la, _d1810-1912 _9113557 |
|
| 245 | 1 | 3 |
_aLa Federación en Colombia (1810-1912) / _cJosé de la Vega. |
| 260 |
_aMadrid : _bEdit. América, _c[1916] |
||
| 300 |
_a325 p. ; _c19 cm. |
||
| 852 |
_aES-MaACL _jD-1753 |
||
| 999 |
_c145903 _d145903 |
||